BERGEY'S MANUAL OF SYSTEMATIC BACTERIOGLOGY VOL-1-ARCHAEA AND THE DEEPLY BRANCHING AND PHOTOTROPHIC BACTERIA (Record no. 8257)

MARC details
000 -LEADER
fixed length control field 00535nam a22001817a 4500
005 - DATE AND TIME OF LATEST TRANSACTION
control field 20230403145157.0
008 - FIXED-LENGTH DATA ELEMENTS--GENERAL INFORMATION
fixed length control field 230331b |||||||| |||| 00| 0 eng d
020 ## - INTERNATIONAL STANDARD BOOK NUMBER
ISBN 0387-9877-1
041 ## - LANGUAGE CODE
Language code of text/sound track or separate title eng
082 ## - DEWEY DECIMAL CLASSIFICATION NUMBER
Classification number 579.3 BOO-B
100 ## - MAIN ENTRY--AUTHOR NAME
Personal name BOONE,DAVID R. AND CASTENHOIZ, RICHARD W
245 ## - TITLE STATEMENT
Title BERGEY'S MANUAL OF SYSTEMATIC BACTERIOGLOGY VOL-1-ARCHAEA AND THE DEEPLY BRANCHING AND PHOTOTROPHIC BACTERIA
250 ## - EDITION STATEMENT
Edition statement 2nd ed.
260 ## - PUBLICATION, DISTRIBUTION, ETC. (IMPRINT)
Name of publisher SPRINGER
300 ## - PHYSICAL DESCRIPTION
Number of Pages 721;P.
650 ## - SUBJECT ADDED ENTRY--TOPICAL TERM
Topical Term PHARMACY
General subdivision B.PHARMA
942 ## - ADDED ENTRY ELEMENTS (KOHA)
Koha item type Books
Holdings
Lost status Damaged status Collection code Home library Current library Shelving location Date acquired Source of acquisition Full call number Accession Number Koha item type
    Reference JRU Library JRU Library SHELF-3-C 23/03/2023 LOHIA BOOK INTERNATIONAL 579.3 BOO-B 27613 Books